UBT Library

The Logic Of Lifeee The rational Economics Of aN irrational World (Record no. 47613)

000 -LEADER
fixed length control field 00342nam a22001337a 4500
008 - FIXED-LENGTH DATA ELEMENTS--GENERAL INFORMATION
fixed length control field 180910b xxu||||| |||| 00| 0 eng d
020 ## - INTERNATIONAL STANDARD BOOK NUMBER
International Standard Book Number 9781400066421
041 ## - LANGUAGE CODE
Language code of text/sound track or separate title eng
080 ## - UNIVERSAL DECIMAL CLASSIFICATION NUMBER
Universal Decimal Classification number 330
100 ## - Rafti
Rafti 42
101 ## - Shkurtesa
Shkurtesa ECO
245 ## - TITLE STATEMENT
Title The Logic Of Lifeee The rational Economics Of aN irrational World
Statement of responsibility, etc Hrford.t
942 ## - ADDED ENTRY ELEMENTS (KOHA)
Source of classification or shelving scheme
Item type Books
Holdings
Withdrawn status Lost status Source of classification or shelving scheme Damaged status Not for loan Collection code Permanent location Current location Shelving location Date acquired Total Checkouts Full call number Barcode Date last seen Price effective from Koha item type
          Koleksioni i përgjithshem UBT - Lipjan UBT - Lipjan Koleksioni i përgjithshem 09/10/2018   330 HAR 002-3012687 09/10/2018 09/10/2018 Books
UBT Library © 2015-2024. All rights reserved University Education for Business and Technology